[Event "Benidorm Bali op-B 20th"]
[Site "Benidorm"]
[Date "2023.12.04"]
[Round "5"]
[White "Castrillon Otero, Javier"]
[Black "Kao, Jamison Edrich"]
[Result "0-1"]
[WhiteElo "1938"]
[BlackElo "1835"]
[PlyCount "122"]
[EventDate "2023.12.01"]
[EventType "swiss"]
[EventRounds "9"]
[EventCountry "ESP"]
[SourceTitle "CB51_2023"]
[SourceDate "2023.12.20"]
[SourceVersion "1"]
[SourceVersionDate "2023.12.20"]
[SourceQuality "1"]

1. Nf3 d5 2. d4 Nf6 3. c4 e6 4. cxd5 exd5 5. Bg5 h6 6. Bh4 g5 7. Bg3 Bb4+ 8. Nfd2 0-0 9. Nc3 Re8 10. e3 c5 11. a3 Ba5 12. Nb3 Ne4 13. Rc1 Nc6 14. Nxa5 Qxa5 15. Be2 cxd4 16. exd4 Nxc3 17. Rxc3 Bg4 18. f3 Bf5 19. 0-0 Qb6 20. Rb3 Qxd4+ 21. Bf2 Qe5 22. Re1 Qc7 23. h4 Rad8 24. hxg5 hxg5 25. Qc1 f6 26. Bxa7 Rd7 27. Bf2 Rh7 28. f4 Qxf4 29. Qxf4 gxf4 30. Bf3 Rxe1+ 31. Bxe1 Be4 32. Bc3 f5 33. Kf2 d4 34. Bd2 Ne5 35. Kg1 Rg7 36. Kf1 Ng6 37. Be1 Rc7 38. Bd2 Rc2 39. Ke1 Nh4 40. Kd1 d3 41. Bxf4 Nxf3 42. gxf3 Bxf3+ 43. Ke1 Re2+ 44. Kf1 Bg2+ 45. Kg1 Be4 46. Kf1 Kf7 47. Rb6 Bg2+ 48. Kg1 d2 49. Bxd2 Rxd2 50. a4 Bc6 51. a5 Rg2+ 52. Kf1 Rg6 53. Kf2 Be4 54. Rb5 Rd6 55. Ke3 Kf6 56. b4 Rd3+ 57. Kf2 Ra3 58. Rc5 Kg5 59. Rc8 Ra4 60. Rc4 Kf4 61. Ke2 Ra2+ 0-1

[Event "Figueres Region-ch"]
[Site "Figueres	"]
[Date "2021.09.25"]
[Round "1"]
[White "Castrillon Otero, Javier"]
[Black "Burset Camps, Guillem"]
[Result "1-0"]
[WhiteElo "2054"]
[BlackElo "1485"]
[PlyCount "57"]
[EventDate "2021.09.25"]
[EventType "swiss"]
[EventRounds "9"]
[EventCountry "ESP"]
[SourceTitle "EXT 2023"]
[Source "ChessBase"]
[SourceDate "2022.10.05"]
[SourceVersion "1"]
[SourceVersionDate "2022.10.05"]
[SourceQuality "1"]

1. d4 d5 2. c4 e6 3. Nc3 Nf6 4. cxd5 exd5 5. Bg5 Be7 6. Qc2 c6 7. e3 0-0 8. Bd3 h6 9. Bh4 Be6 10. Nf3 Nbd7 11. 0-0 Rc8 12. Rfd1 c5 13. dxc5 Nxc5 14. Be2 Nfe4 15. Bxe7 Qxe7 16. Nxd5 Bxd5 17. Rxd5 Nf6 18. Re5 Ne6 19. Qa4 Qc7 20. Rd1 Rfd8 21. Re1 Ng5 22. Rb5 Nxf3+ 23. Bxf3 b6 24. g3 Qc2 25. Qxa7 Qd2 26. Rd1 Rc1 27. Rxc1 Qxc1+ 28. Kg2 Nd7 29. Rd5 1-0

[Event "Gerunda Tardor 3rd"]
[Site "Gerunda"]
[Date "2019.11.19"]
[Round "8.5"]
[White "Castrillon Otero, Javier"]
[Black "Diaz Munoz, Sergi"]
[Result "1/2-1/2"]
[WhiteElo "2186"]
[BlackElo "2172"]
[PlyCount "24"]
[EventDate "2019.09.24"]
[EventType "tourn"]
[EventRounds "9"]
[EventCountry "ESP"]
[SourceTitle "EXT 2024"]
[Source "ChessBase"]
[SourceDate "2023.10.10"]
[SourceVersion "1"]
[SourceVersionDate "2023.10.10"]
[SourceQuality "1"]

1. e4 c5 2. Nf3 e6 3. d4 cxd4 4. Nxd4 Nc6 5. Nc3 Qc7 6. Be3 a6 7. Bd3 Nf6 8. 0-0 Be7 9. h3 0-0 10. Qe2 b5 11. Rad1 Bb7 12. Rfe1 Rac8 1/2-1/2

[Event "Gerunda Tardor 3rd"]
[Site "Gerunda"]
[Date "2019.11.05"]
[Round "6.5"]
[White "Ros Bosch, Carles"]
[Black "Castrillon Otero, Javier"]
[Result "1-0"]
[WhiteElo "2156"]
[BlackElo "2186"]
[PlyCount "39"]
[EventDate "2019.09.24"]
[EventType "tourn"]
[EventRounds "9"]
[EventCountry "ESP"]
[SourceTitle "EXT 2024"]
[Source "ChessBase"]
[SourceDate "2023.10.10"]
[SourceVersion "1"]
[SourceVersionDate "2023.10.10"]
[SourceQuality "1"]

1. e4 c5 2. c3 d5 3. exd5 Qxd5 4. d4 Nc6 5. Nf3 Bf5 6. Be3 Bxb1 7. c4 Qd8 8. Rxb1 cxd4 9. Nxd4 Nxd4 10. Bxd4 e6 11. Qa4+ Qd7 12. Qxd7+ Kxd7 13. Rd1 Kc6 14. g3 Bb4+ 15. Ke2 f6 16. Bg2+ Kc7 17. c5 Kb8 18. c6 a5 19. cxb7 Ra6 20. Be5+ 1-0

[Event "Sant Gregori op 4th"]
[Site "Sant Gregori"]
[Date "2019.07.11"]
[Round "4.2"]
[White "Diaz Comas, Jordi"]
[Black "Castrillon Otero, Javier"]
[Result "0-1"]
[WhiteElo "1897"]
[BlackElo "1987"]
[PlyCount "137"]
[EventDate "2019.07.08"]
[EventType "swiss"]
[EventRounds "7"]
[EventCountry "ESP"]
[SourceTitle "EXT 2024"]
[Source "ChessBase"]
[SourceDate "2023.10.10"]
[SourceVersion "1"]
[SourceVersionDate "2023.10.10"]
[SourceQuality "1"]

1. e4 e5 2. Bc4 Nf6 3. d3 Nc6 4. Nc3 Na5 5. Bb3 Nxb3 6. axb3 d5 7. Nf3 dxe4 8. Nxe4 Nxe4 9. dxe4 Qxd1+ 10. Kxd1 Bg4 11. Ke2 f6 12. Be3 a6 13. h3 Bh5 14. g4 Bg6 15. Nd2 0-0-0 16. f3 Be7 17. Rad1 h5 18. Rdg1 Rh7 19. Nf1 Rdh8 20. Ng3 hxg4 21. hxg4 Rh2+ 22. Rxh2 Rxh2+ 23. Kd3 Bf7 24. Rh1 Rxh1 25. Nxh1 Kd7 26. Ng3 g6 27. Nf1 Ke6 28. Ng3 Be8 29. c4 Kd7 30. Kc3 a5 31. Kd3 Kc6 32. Ne2 Kd6 33. Nc3 Ke6 34. Nd5 Bd8 35. Bd2 a4 36. b4 f5 37. gxf5+ gxf5 38. Nc3 Bh5 39. Ke3 Be7 40. exf5+ Kxf5 41. Nd5 Bd8 42. Kf2 Bf7 43. Ne3+ Ke6 44. Bc3 c6 45. Ng4 Bb6+ 46. c5 Bc7 47. Ke3 Kd5 48. Kd3 Bg6+ 49. Ke3 Bb1 50. Kd2 Bg6 51. Ne3+ Ke6 52. Ng4 Kf5 53. Ke3 Bh5 54. Nf2 Ke6 55. Ne4 Bg6 56. Kd2 Bd8 57. Ke3 Be7 58. f4 Kd5 59. Nd2 exf4+ 60. Kxf4 Bf8 61. Kg5 Bd3 62. Kf6 Bh6 63. Nf3 Be2 64. Ne5 Ba6 65. Nf3 Kc4 66. Ne5+ Kb3 67. Bd4 Kxb4 68. Kg6 Bf8 69. Nd3+ 0-1

[Event "Sant Gregori op 4th"]
[Site "Sant Gregori"]
[Date "2019.07.08"]
[Round "1.2"]
[White "Castrillon Otero, Javier"]
[Black "Roqueta Maffei, Oscar Nahuel"]
[Result "1-0"]
[WhiteElo "1987"]
[BlackElo "1589"]
[PlyCount "84"]
[EventDate "2019.07.08"]
[EventType "swiss"]
[EventRounds "7"]
[EventCountry "ESP"]
[SourceTitle "EXT 2024"]
[Source "ChessBase"]
[SourceDate "2023.10.10"]
[SourceVersion "1"]
[SourceVersionDate "2023.10.10"]
[SourceQuality "1"]

1. d4 e6 2. c4 Nf6 3. Nc3 Bb4 4. f3 d6 5. e4 0-0 6. Bd3 c5 7. Nge2 Nc6 8. Be3 Qb6 9. d5 exd5 10. cxd5 Ne5 11. a3 Bxc3+ 12. bxc3 Bd7 13. 0-0 Rac8 14. Nf4 Qa5 15. Qd2 b5 16. Be2 Rb8 17. g4 Ng6 18. Nxg6 hxg6 19. Bg5 Kh7 20. Rfc1 Rh8 21. Bxf6 gxf6 22. Qf4 Qc7 23. Qxf6 Kg8 24. Ra2 Re8 25. Rb2 c4 26. Qd4 a6 27. Rcb1 Qd8 28. a4 bxa4 29. Bxc4 Qa5 30. Bd3 Rc8 31. Qb4 Qxb4 32. cxb4 Bb5 33. Rc2 Rxc2 34. Bxc2 Kg7 35. Ra1 Rc8 36. Bxa4 Rc3 37. Bxb5 axb5 38. Kf2 Rb3 39. Ra6 Rxb4 40. Rxd6 Rb2+ 41. Ke3 b4 42. Rb6 b3 1-0

[Event "Catalunya-chT Gp2"]
[Site "Barcelona"]
[Date "2018.01.20"]
[Round "1.10"]
[White "Castrillon Otero, Javier"]
[Black "Munoz Munoz, Teresa"]
[Result "1-0"]
[WhiteElo "2001"]
[BlackElo "1834"]
[PlyCount "61"]
[EventDate "2018.01.20"]
[EventType "team-tourn"]
[EventRounds "7"]
[EventCountry "ESP"]
[SourceTitle "CBM 182 Extra"]
[Source "ChessBase"]
[SourceDate "2018.02.23"]
[SourceVersion "1"]
[SourceVersionDate "2018.02.23"]
[SourceQuality "1"]
[WhiteTeam "Gerunda"]
[BlackTeam "Mollet"]
[WhiteTeamCountry "ESP"]
[BlackTeamCountry "ESP"]

1. d4 Nf6 2. c4 e6 3. Nc3 Bb4 4. f3 0-0 5. e3 b6 6. Bd3 Bb7 7. Nge2 d5 8. a3 Be7 9. cxd5 Nxd5 10. e4 Nf6 11. Be3 Nbd7 12. b4 Rc8 13. 0-0 e5 14. d5 c6 15. Bc4 cxd5 16. Bxd5 Nxd5 17. Nxd5 Nf6 18. Nxe7+ Qxe7 19. Ng3 Rc3 20. Bg5 h6 21. Nf5 Qe6 22. Qe1 Rfc8 23. Bxh6 g6 24. Qh4 Nh5 25. Ne7+ Kh7 26. Nxc8 Bxc8 27. Bd2 Rc2 28. Rfd1 Kg7 29. g4 Nf4 30. Bxf4 exf4 31. Rd8 1-0

[Event "Benidorm op U2000 16th"]
[Site "Benidorm"]
[Date "2017.12.04"]
[Round "4"]
[White "Cuellar Gutierrez, Raul"]
[Black "Castrillon Otero, Javier"]
[Result "1-0"]
[WhiteElo "1923"]
[BlackElo "1992"]
[PlyCount "111"]
[EventDate "2017.12.01"]
[EventType "swiss"]
[EventRounds "10"]
[EventCountry "ESP"]
[SourceTitle "EXT 2019"]
[Source "ChessBase"]
[SourceDate "2018.10.10"]
[SourceVersion "1"]
[SourceVersionDate "2018.10.10"]
[SourceQuality "1"]

1. d4 d5 2. c4 e6 3. Nf3 Nf6 4. g3 c5 5. cxd5 exd5 6. Bg2 Nc6 7. 0-0 Bg4 8. Ne5 Bh5 9. Nxc6 bxc6 10. dxc5 Bxc5 11. Qc2 Qb6 12. Nc3 Bd6 13. Be3 Qc7 14. Rac1 Qb7 15. Na4 Rc8 16. Nc5 Qe7 17. Bd4 0-0 18. e3 Bg4 19. Rfe1 Be5 20. Qa4 Rfe8 21. b3 Bxd4 22. Qxd4 Bf5 23. Rc3 Qe5 24. Qxe5 Rxe5 25. Rec1 Kf8 26. h3 h5 27. Na6 Bd7 28. Nb4 Re6 29. Nxd5 Nxd5 30. Bxd5 Rd6 31. Bg2 Ke7 32. Kf1 Be8 33. Ke1 Kd8 34. b4 Bd7 35. h4 Rb8 36. a3 Kc7 37. Rc5 g6 38. b5 Rb6 39. a4 Kb8 40. Bxc6 Bxc6 41. Rxc6 Rbxc6 42. Rxc6 Rxc6 43. bxc6 Kc7 44. Kd2 Kxc6 45. Kc3 Kc5 46. f3 f5 47. Kb3 a5 48. Kc3 Kd5 49. Kd3 Kc5 50. e4 fxe4+ 51. fxe4 Kd6 52. Kd4 Ke6 53. e5 Ke7 54. Kd5 Kd7 55. e6+ Ke7 56. Ke5 1-0

[Event "Girona Tardor Tancat"]
[Site "Girona"]
[Date "2017.10.24"]
[Round "4"]
[White "Mayor Sanchez, Angel"]
[Black "Castrillon Otero, Javier"]
[Result "1-0"]
[WhiteElo "2167"]
[BlackElo "2189"]
[PlyCount "69"]
[EventDate "2017.09.26"]
[EventType "tourn"]
[EventRounds "9"]
[EventCountry "ESP"]
[SourceTitle "EXT 2019"]
[Source "ChessBase"]
[SourceDate "2018.10.10"]
[SourceVersion "1"]
[SourceVersionDate "2018.10.10"]
[SourceQuality "1"]

1. d4 f5 2. Bg5 Nf6 3. e3 e6 4. Nf3 d5 5. Bd3 Be7 6. Ne5 Nbd7 7. Bxf6 Nxf6 8. Nd2 0-0 9. Qe2 c5 10. c3 Bd7 11. h3 c4 12. Bc2 b5 13. Ndf3 b4 14. 0-0 bxc3 15. bxc3 Ne4 16. Nxd7 Qxd7 17. Ne5 Qc7 18. Bxe4 fxe4 19. Qg4 Rf6 20. Rab1 Raf8 21. f3 exf3 22. Rxf3 Bd6 23. Rxf6 Rxf6 24. Nf3 Rg6 25. Qh5 Qe7 26. a4 Qe8 27. Kh1 h6 28. Nh4 Kh7 29. Nxg6 Qxg6 30. Qxg6+ Kxg6 31. Kg1 Kf5 32. Kf2 Ke4 33. Ke2 g5 34. Rb7 a5 35. Rb6 1-0

[Event "Girona Tardor Tancat"]
[Site "Girona"]
[Date "2017.10.10"]
[Round "2"]
[White "Molina Carretero, Daniel"]
[Black "Castrillon Otero, Javier"]
[Result "1-0"]
[WhiteElo "2325"]
[BlackElo "2189"]
[PlyCount "87"]
[EventDate "2017.09.26"]
[EventType "tourn"]
[EventRounds "9"]
[EventCountry "ESP"]
[SourceTitle "EXT 2019"]
[Source "ChessBase"]
[SourceDate "2018.10.10"]
[SourceVersion "1"]
[SourceVersionDate "2018.10.10"]
[SourceQuality "1"]

1. b3 e5 2. Bb2 Nc6 3. e3 Nf6 4. c4 d5 5. cxd5 Nxd5 6. a3 Be6 7. Bb5 Bd6 8. Qc2 Qd7 9. Nf3 f6 10. d4 exd4 11. Nxd4 Nde7 12. 0-0 a6 13. Nxe6 Qxe6 14. Bc4 Qf5 15. Qxf5 Nxf5 16. Nc3 Nfe7 17. Rad1 0-0-0 18. b4 Kb8 19. Ne4 Be5 20. Bc1 Rxd1 21. Rxd1 Rd8 22. Rxd8+ Nxd8 23. Nc5 Ka7 24. Kf1 Nc8 25. f4 Bd6 26. Ke2 b5 27. Bg8 h6 28. e4 Nb7 29. Ne6 g5 30. e5 fxe5 31. fxg5 hxg5 32. Bxg5 a5 33. h4 axb4 34. axb4 Ne7 35. Bf7 Bxb4 36. Nxc7 Nd8 37. Be8 Nec6 38. h5 Nd4+ 39. Ke3 N4e6 40. Nxe6 Nxe6 41. Bf6 Bf8 42. Ke4 b4 43. Kxe5 Nc7 44. Bf7 1-0

[Event "Girona Tardor Tancat"]
[Site "Girona"]
[Date "2017.09.26"]
[Round "1"]
[White "Castrillon Otero, Javier"]
[Black "Clot Chico, Arnau"]
[Result "1-0"]
[WhiteElo "2189"]
[BlackElo "2133"]
[PlyCount "71"]
[EventDate "2017.09.26"]
[EventType "tourn"]
[EventRounds "9"]
[EventCountry "ESP"]
[SourceTitle "EXT 2019"]
[Source "ChessBase"]
[SourceDate "2018.10.10"]
[SourceVersion "1"]
[SourceVersionDate "2018.10.10"]
[SourceQuality "1"]

1. d4 e6 2. c4 b6 3. Nc3 Bb4 4. e4 Bb7 5. f3 Qh4+ 6. g3 Bxc3+ 7. bxc3 Qd8 8. Bd3 Ne7 9. Ne2 0-0 10. 0-0 d5 11. cxd5 exd5 12. e5 Ba6 13. Bg5 Bxd3 14. Qxd3 Nbc6 15. f4 f6 16. exf6 gxf6 17. Bh6 Re8 18. f5 Kh8 19. Qf3 Ng8 20. Bd2 Na5 21. Rae1 Nc4 22. Bc1 Qd7 23. g4 c6 24. Nf4 Rxe1 25. Rxe1 Nd6 26. Ne6 Ne4 27. Bf4 Re8 28. h4 Ne7 29. Kh1 Rg8 30. Re2 Re8 31. Bh6 Rg8 32. Rg2 Qd6 33. g5 c5 34. gxf6 Rxg2 35. Qxg2 Nxf5 36. Bg7+ 1-0

[Event "Sant Gregori Ajuntament op 2nd"]
[Site "Sant Gregori"]
[Date "2017.07.08"]
[Round "6.2"]
[White "Diaz Comas, Jordi"]
[Black "Castrillon Otero, Javier"]
[Result "1/2-1/2"]
[WhiteElo "2068"]
[BlackElo "2161"]
[PlyCount "134"]
[EventDate "2017.07.03"]
[EventType "swiss"]
[EventRounds "7"]
[EventCountry "ESP"]
[SourceTitle "EXT 2024"]
[Source "ChessBase"]
[SourceDate "2023.10.10"]
[SourceVersion "1"]
[SourceVersionDate "2023.10.10"]
[SourceQuality "1"]

1. e4 e5 2. Bc4 Nf6 3. d3 c6 4. Nf3 d5 5. Bb3 dxe4 6. Ng5 Be6 7. Bxe6 fxe6 8. Nxe4 Nxe4 9. dxe4 Qxd1+ 10. Kxd1 Bc5 11. Ke2 Nd7 12. Bg5 h6 13. Be3 Bb6 14. Nd2 Ke7 15. Nc4 Bc7 16. a4 Nb6 17. Nxb6 axb6 18. Rhd1 Ra6 19. Rd3 Rd8 20. b3 Rxd3 21. Kxd3 b5 22. f3 Bd6 23. c4 bxc4+ 24. Kxc4 b5+ 25. Kc3 Bc7 26. Bc5+ Kf6 27. Ra3 Ba5+ 28. b4 Bb6 29. Bxb6 Rxb6 30. a5 Ra6 31. Ra2 Ke7 32. h4 Ra7 33. h5 Kf6 34. Kd3 Kg5 35. g4 Kf6 36. Ke3 Ke7 37. f4 exf4+ 38. Kxf4 Kd6 39. Rd2+ Ke7 40. Ke5 c5 41. Rd6 cxb4 42. Rxe6+ Kf7 43. a6 b3 44. Rb6 Rxa6 45. Rb7+ Kg8 46. Rxb5 Ra3 47. Kf5 Kh7 48. e5 Kg8 49. Rb8+ Kf7 50. e6+ Ke7 51. Rb7+ Ke8 52. Rxg7 b2 53. Rb7 Rf3+ 54. Kg6 Rf4 55. Rxb2 Rxg4+ 56. Kxh6 Ke7 57. Re2 Rg8 58. Kh7 Rg5 59. h6 Rg3 60. Kh8 Rg6 61. h7 Rg3 62. Ra2 Kxe6 63. Ra8 Kf7 64. Rg8 Rb3 65. Rg7+ Kf6 66. Rg8 Kf7 67. Ra8 Rg3 1/2-1/2